[Event "Titled Tuesday intern op 31st Jan Early"]
[Site "Chess.com INT"]
[Date "2023.01.31"]
[Round "3"]
[White "Nouri, Alekhine"]
[Black "Bruzon Batista, Lazaro"]
[Result "1-0"]
[WhiteElo "2274"]
[BlackElo "2613"]
[PlyCount "73"]
[EventDate "2023.01.31"]
[EventType "swiss (blitz)"]
[EventRounds "11"]
[EventCountry "USA"]
[SourceTitle "CBM 212 Extra"]
[Source "ChessBase"]
[SourceDate "2023.03.31"]
[SourceVersion "1"]
[SourceVersionDate "2023.03.31"]
[SourceQuality "1"]

1. e4 e5 2. Nf3 Nc6 3. d4 exd4 4. Nxd4 Bc5 5. Nb3 Bb6 6. Nc3 d6 7. Qe2 a5 8. a4 Nb4 9. h4 Nf6 10. Bg5 h6 11. Bf4 Be6 12. 0-0-0 Bxb3 13. cxb3 Qe7 14. f3 0-0 15. Qb5 Bc5 16. g4 c6 17. Qe2 Qe6 18. Qc4 Qe7 19. Bh3 Nd7 20. g5 Ne5 21. Qe2 h5 22. Rhf1 Rfe8 23. Bxe5 dxe5 24. Rd7 Qf8 25. Qc4 Be3+ 26. Kb1 Re7 27. Rfd1 Bd4 28. g6 Rae8 29. f4 Rxd7 30. Bxd7 Rd8 31. gxf7+ Kh8 32. fxe5 Bxe5 33. Qe6 Bf6 34. Qf5 g6 35. Qxf6+ Kh7 36. Rg1 Qg7 37. Qxd8 1-0

[Event "Titled Tuesday intern op 31st Jan Early"]
[Site "Chess.com INT"]
[Date "2023.01.31"]
[Round "5"]
[White "Nouri, Alekhine"]
[Black "Duda, Jan Krzysztof"]
[Result "0-1"]
[WhiteElo "2274"]
[BlackElo "2729"]
[PlyCount "76"]
[EventDate "2023.01.31"]
[EventType "swiss (blitz)"]
[EventRounds "11"]
[EventCountry "USA"]
[SourceTitle "CBM 212 Extra"]
[Source "ChessBase"]
[SourceDate "2023.03.31"]
[SourceVersion "1"]
[SourceVersionDate "2023.03.31"]
[SourceQuality "1"]

1. e4 d6 2. d4 Nc6 3. Nc3 e5 4. Nge2 g6 5. Be3 Bg7 6. f3 Nge7 7. Qd2 f5 8. 0-0-0 0-0 9. h4 fxe4 10. fxe4 Bg4 11. d5 Nd4 12. Re1 c5 13. dxc6 Nexc6 14. Nd5 Rc8 15. c3 Qe8 16. Kb1 Ne6 17. Ng3 h5 18. Bc4 Kh7 19. Bb3 Na5 20. Rhf1 Qc6 21. Ne7 Nxb3 22. axb3 Qb5 23. Rxf8 Rxf8 24. Qd5 Qa6 25. b4 Re8 26. Nef5 gxf5 27. exf5 Nd4 28. cxd4 exd4 29. f6 Qd3+ 30. Ka1 Qg6 31. fxg7 dxe3 32. g8Q+ Qxg8 33. Qxd6 Qc4 34. Qf6 e2 35. Nf5 Qa6+ 36. Qxa6 bxa6 37. Nd4 Rd8 38. Nc2 Rd2 0-1

[Event "Titled Tuesday intern op 31st Jan Early"]
[Site "Chess.com INT"]
[Date "2023.01.31"]
[Round "2"]
[White "Sliwicki, Damian"]
[Black "Nouri, Alekhine"]
[Result "0-1"]
[WhiteElo "2158"]
[BlackElo "2274"]
[PlyCount "46"]
[EventDate "2023.01.31"]
[EventType "swiss (blitz)"]
[EventRounds "11"]
[EventCountry "USA"]
[SourceTitle "CBM 212 Extra"]
[Source "ChessBase"]
[SourceDate "2023.03.31"]
[SourceVersion "1"]
[SourceVersionDate "2023.03.31"]
[SourceQuality "1"]

1. e4 c5 2. Nf3 d6 3. d4 cxd4 4. Qxd4 Nf6 5. Bg5 a6 6. c4 Nc6 7. Qe3 g6 8. Bxf6 exf6 9. Nc3 Bg7 10. Be2 0-0 11. h4 h5 12. Rd1 Bg4 13. Nd4 Nxd4 14. Qxd4 f5 15. Qxd6 Qa5 16. f3 Rad8 17. Qf4 Be5 18. Qc1 Bg3+ 19. Kf1 Qc5 20. Rd4 Qxd4 21. Nd1 Qc5 22. fxg4 Rxd1+ 23. Qxd1 Qf2# 0-1

[Event "Titled Tuesday intern op 03rd Jan Early"]
[Site "Chess.com INT"]
[Date "2023.01.03"]
[Round "9"]
[White "Narayanan, Srinath"]
[Black "Nouri, Alekhine"]
[Result "1-0"]
[WhiteElo "2559"]
[BlackElo "2274"]
[PlyCount "65"]
[EventDate "2023.01.03"]
[EventType "swiss (blitz)"]
[EventRounds "11"]
[EventCountry "USA"]
[SourceTitle "EXT 2024"]
[Source "ChessBase"]
[SourceDate "2023.10.10"]
[SourceVersion "1"]
[SourceVersionDate "2023.10.10"]
[SourceQuality "1"]

1. d4 Nf6 2. Nf3 c5 3. d5 b5 4. c4 b4 5. Nbd2 d6 6. e4 g6 7. Bd3 Bg7 8. 0-0 0-0 9. Re1 Bg4 10. h3 Bxf3 11. Nxf3 Nfd7 12. Rb1 a5 13. b3 a4 14. Bb2 axb3 15. axb3 Bxb2 16. Rxb2 f6 17. Qc1 Ne5 18. Be2 Nbd7 19. Nh2 Ra3 20. f4 Nf7 21. Bg4 Kg7 22. Nf3 h5 23. Be6 Rh8 24. e5 dxe5 25. Bxf7 Kxf7 26. fxe5 Kg7 27. exf6+ exf6 28. Qe3 Rf8 29. Rbe2 Rf7 30. Qd3 Ra6 31. Re8 Qc7 32. Qe3 Qd6 33. Re6 1-0

[Event "Titled Tuesday intern op 08th Nov Early"]
[Site "Chess.com INT"]
[Date "2022.11.08"]
[Round "4"]
[White "Gulevich, Artem"]
[Black "Nouri, Alekhine"]
[Result "0-1"]
[WhiteElo "2304"]
[BlackElo "2259"]
[PlyCount "140"]
[EventDate "2022.11.08"]
[EventType "swiss (blitz)"]
[EventRounds "11"]
[EventCountry "USA"]
[SourceTitle "EXT 2024"]
[Source "ChessBase"]
[SourceDate "2023.10.10"]
[SourceVersion "1"]
[SourceVersionDate "2023.10.10"]
[SourceQuality "1"]

1. Nf3 c5 2. b3 Nc6 3. Bb2 d5 4. e3 Nf6 5. Be2 g6 6. 0-0 Bg7 7. d4 Ne4 8. Nbd2 Nxd2 9. Qxd2 0-0 10. c3 Bg4 11. dxc5 Rc8 12. b4 e6 13. Rfd1 a5 14. a3 b6 15. cxb6 Qxb6 16. Nd4 Bxe2 17. Qxe2 Ne5 18. c4 Nxc4 19. Bc3 a4 20. Rdc1 Nd6 21. Bb2 Rc4 22. Rxc4 Nxc4 23. Bc3 Rc8 24. Qc2 Nd6 25. Qd3 Ne4 26. Bb2 h5 27. Qd1 Qa6 28. Rc1 Rxc1 29. Qxc1 Qd3 30. b5 Nd6 31. b6 e5 32. Nc6 Qb5 33. Bxe5 Bxe5 34. Nxe5 Qxb6 35. h4 Nc4 36. Nxc4 Qc5 37. Qc2 dxc4 38. Qxa4 c3 39. Qc2 Qxa3 40. Qe4 Qa1+ 41. Kh2 Qa5 42. Qe8+ Kg7 43. Qc8 Qe5+ 44. g3 Qf6 45. Kg2 Qe5 46. Qc6 f5 47. Kg1 Kf7 48. Kh2 Qf6 49. Qd7+ Kf8 50. Qc8+ Kg7 51. Kg2 Qe5 52. Qd7+ Kh6 53. Qc8 Kh7 54. Kh2 Qf6 55. Qc7+ Qg7 56. Qc8 Kh6 57. Qc6 Qe5 58. Qc8 Kg7 59. Qd7+ Kf6 60. Qc6+ Ke7 61. Qc8 Kd6 62. Qb8+ Ke6 63. Qe8+ Kd5 64. Qb5+ Ke4 65. Qc4+ Kf3 66. Kg1 Qe4 67. Qxc3 Qb1+ 68. Kh2 Kxf2 69. Qd2+ Kf3 70. Qd3 Qxd3 0-1

[Event "Titled Tuesday intern op 08th Nov Early"]
[Site "Chess.com INT"]
[Date "2022.11.08"]
[Round "9"]
[White "Nouri, Alekhine"]
[Black "Streltsov, Alexey"]
[Result "0-1"]
[WhiteElo "2259"]
[BlackElo "2313"]
[PlyCount "72"]
[EventDate "2022.11.08"]
[EventType "swiss (blitz)"]
[EventRounds "11"]
[EventCountry "USA"]
[SourceTitle "EXT 2024"]
[Source "ChessBase"]
[SourceDate "2023.10.10"]
[SourceVersion "1"]
[SourceVersionDate "2023.10.10"]
[SourceQuality "1"]

1. e4 c6 2. d4 d5 3. exd5 cxd5 4. Bd3 Nc6 5. c3 Nf6 6. Bf4 Bg4 7. Qb3 Qd7 8. Nd2 e6 9. Ngf3 Bd6 10. Bxd6 Qxd6 11. 0-0 0-0 12. Rae1 Ne7 13. Ne5 Bf5 14. Qc2 b5 15. Bxf5 Nxf5 16. Qd3 b4 17. Qh3 Qa6 18. g4 Nd6 19. f3 bxc3 20. bxc3 Qxa2 21. Rf2 Qa4 22. g5 Nd7 23. Nd3 Rfe8 24. f4 Rac8 25. Nb4 a5 26. Na6 Qc6 27. Nc5 Nxc5 28. dxc5 Qxc5 29. Kf1 Qxc3 30. Qh5 Qd3+ 31. Kg1 Rc2 32. Ree2 g6 33. Qg4 Rb8 34. Kg2 Rbb2 35. h4 Rxd2 36. h5 Rxe2 0-1

[Event "Titled Tuesday intern op 08th Nov Early"]
[Site "Chess.com INT"]
[Date "2022.11.08"]
[Round "1"]
[White "Rios Escobar, Adan"]
[Black "Nouri, Alekhine"]
[Result "1/2-1/2"]
[WhiteElo "2276"]
[BlackElo "2259"]
[PlyCount "160"]
[EventDate "2022.11.08"]
[EventType "swiss (blitz)"]
[EventRounds "11"]
[EventCountry "USA"]
[SourceTitle "EXT 2024"]
[Source "ChessBase"]
[SourceDate "2023.10.10"]
[SourceVersion "1"]
[SourceVersionDate "2023.10.10"]
[SourceQuality "1"]

1. d4 Nf6 2. g3 c5 3. d5 g6 4. c4 Bg7 5. Nc3 0-0 6. Nf3 e6 7. Bg2 exd5 8. cxd5 d6 9. 0-0 Qe7 10. h3 a6 11. a4 Nbd7 12. Re1 Ne8 13. e4 Ne5 14. Nxe5 Bxe5 15. f4 Bd4+ 16. Kh2 Qc7 17. Be3 Bg7 18. Bf2 f5 19. e5 dxe5 20. d6 Qxd6 21. Qxd6 Nxd6 22. fxe5 Ne4 23. Nxe4 fxe4 24. Bxc5 Re8 25. Rxe4 Bf5 26. Re2 Rxe5 27. Rxe5 Bxe5 28. Bxb7 Rb8 29. Bd5+ Kg7 30. Re1 Rxb2+ 31. Bg2 Kf6 32. Be7+ Kxe7 33. Rxe5+ Kd6 34. Ra5 Rb6 35. g4 Bd7 36. Rd5+ Ke7 37. a5 Rb2 38. Re5+ Kf6 39. Rc5 Bb5 40. g5+ Ke6 41. Kg3 Kd6 42. Rd5+ Ke7 43. Rc5 Ra2 44. Rc7+ Kd6 45. Rxh7 Rxa5 46. Be4 Ra3+ 47. Kf4 Ra4 48. Ke3 Ke5 49. Bxg6 Ra3+ 50. Kd2 Kf4 51. h4 Rh3 52. Bc2 Rh2+ 53. Kc3 Rh3+ 54. Kd2 Rh2+ 55. Kc3 Ke5 56. g6 Kf6 57. g7 Rg2 58. h5 Rg3+ 59. Kd2 Be8 60. h6 Rg2+ 61. Kc3 Rxc2+ 62. Kxc2 Bg6+ 63. Kb3 Bxh7 64. Ka4 Kf7 65. Ka5 Bd3 66. Kb4 Kg8 67. Ka5 Bb5 68. Kb6 Bc4 69. Ka5 Kh7 70. Kb6 Bb5 71. Ka5 Bd3 72. Kb6 Bc4 73. Ka5 Bb5 74. Kb6 Be2 75. Ka5 Kg8 76. Kb6 Kf7 77. Ka5 Bc4 78. Kb6 Kg6 79. g8Q+ Bxg8 80. Kxa6 Kxh6 1/2-1/2

[Event "Wch U20 59th"]
[Site "Cala Gonone"]
[Date "2022.10.18"]
[Round "7"]
[White "Nouri, Alekhine"]
[Black "Kanyamarala, Tarun"]
[Result "1/2-1/2"]
[WhiteElo "2251"]
[BlackElo "2407"]
[PlyCount "109"]
[EventDate "2022.10.12"]
[EventType "swiss"]
[EventRounds "11"]
[EventCountry "ITA"]
[SourceTitle "CBM 210 Extra"]
[Source "ChessBase"]
[SourceDate "2022.11.30"]
[SourceVersion "1"]
[SourceVersionDate "2022.11.30"]
[SourceQuality "1"]

1. e4 c5 2. Nf3 Nc6 3. Nc3 d6 4. Bb5 e5 5. Bc4 Be7 6. d3 Nf6 7. h3 0-0 8. Bg5 Be6 9. Bxf6 Bxf6 10. a4 Nb4 11. 0-0 g6 12. Qd2 Bg7 13. a5 Qe7 14. Rfe1 h6 15. Rab1 Rad8 16. b3 Kh7 17. a6 b6 18. Nd5 Nxd5 19. exd5 Bc8 20. b4 Qc7 21. bxc5 dxc5 22. h4 f5 23. Re2 Rfe8 24. Rbe1 Re7 25. Qc3 Rde8 26. Qb3 Qd6 27. h5 g5 28. Nd2 g4 29. Bb5 Rd8 30. Bc6 Bxa6 31. Ra1 Bc8 32. Nc4 Qb8 33. d6 Rxd6 34. Nxd6 Qxd6 35. Bd5 g3 36. fxg3 e4 37. Rf1 Qxg3 38. dxe4 Bd4+ 39. Kh1 Qg5 40. Qh3 Bd7 41. e5 f4 42. e6 Qxd5 43. exd7 Be3 44. d8Q Qxd8 45. Qf5+ Kg8 46. g3 Rf7 47. Qg6+ Rg7 48. Qe6+ Kh7 49. Qf5+ Kh8 50. gxf4 Qh4+ 51. Rh2 Qg3 52. Qe5 Bf2 53. Qe8+ Rg8 54. Qe5+ Rg7 55. Qe8+ 1/2-1/2

[Event "Wch U20 59th"]
[Site "Cala Gonone"]
[Date "2022.10.14"]
[Round "4"]
[White "Momin, Fayzan"]
[Black "Nouri, Alekhine"]
[Result "0-1"]
[WhiteElo "1974"]
[BlackElo "2251"]
[PlyCount "62"]
[EventDate "2022.10.12"]
[EventType "swiss"]
[EventRounds "11"]
[EventCountry "ITA"]
[SourceTitle "CBM 210 Extra"]
[Source "ChessBase"]
[SourceDate "2022.11.30"]
[SourceVersion "1"]
[SourceVersionDate "2022.11.30"]
[SourceQuality "1"]

1. d4 Nf6 2. Nf3 g6 3. c4 c5 4. Nc3 cxd4 5. Nxd4 Bg7 6. e4 d6 7. f3 0-0 8. Be3 Nc6 9. Nc2 Qa5 10. a3 Be6 11. Qd2 Rac8 12. Rc1 Ne5 13. b3 a6 14. Nd5 Qxd2+ 15. Kxd2 Bxd5 16. cxd5 Nfd7 17. Be2 f5 18. Nd4 f4 19. Bf2 Nc5 20. Rc3 Ng4 21. Bg1 Ne3 22. Rxc5 Rxc5 23. Ne6 Rc2+ 24. Ke1 Nxg2+ 25. Kf2 Rfc8 26. h4 Be5 27. h5 Ra2 28. hxg6 hxg6 29. Rh6 Rcc2 30. Rxg6+ Kf7 31. Rg7+ Bxg7 0-1